000 01264nam a2200265Ia 4500
999 _c40135
_d40135
001 6741
003 GE_BSU
005 20191227114542.0
008 181216s1986||||ge |||||||||||||| ||geo||
040 _cGE_BSU
041 _ageo
080 _a821.353.1-31 გ-45
100 _aგვეტაძე, რაჟდენ.
_95973
245 _aთეო; ჭიაკოკონა; ლაშაური საღამოები :
_bსამი რომანი /
_cრაჟდენ გვეტაძე ; შემდგ. რედ. გ. გვერდწითელი, გ.ფანჯიკიძე ; რედ. ლ. არაბიძე.
264 _aთბილისი :
_bმერანი,
_c1986.
300 _a389 გვ. ;
_c20 სმ.
653 _aთეო
653 _aჭიაკოკონა
653 _aლაშაური საღამოები
653 _aრომანი
700 _aგვერდწითელი, გ.
_eშემდგენელ რედაქტორი
_93669
700 _aგ.ფანჯიკიძე,
_eშემდგენელ რედაქტორი
_95983
700 _aარაბიძე, ლ.
_eრედაქტორი
_94164
942 _cBK
_2udc